| 000 | 00568nam a2200193 i 4500 | ||
|---|---|---|---|
| 001 | 42188 | ||
| 003 | ES-MaACL | ||
| 005 | 20230906160550.0 | ||
| 007 | t| | ||
| 008 | 030312s1965 sp ||||1| spa d | ||
| 100 | 1 |
_aCastellote López, Jesús. _936579 |
|
| 245 | 1 | 0 |
_aSocialismo agrario en Israel / _cJesús Castellote López. |
| 260 |
_aMadrid : _bZYX, _c1965. |
||
| 300 |
_a55 p. ; _c18 cm. |
||
| 490 | 1 |
_aLee y discute. Serie verde ; _v7 |
|
| 830 | 0 |
_aLee y discute. Serie verde ; _v7 _9182627 |
|
| 852 |
_aES-MaACL _jC-28337 _bR.57317 |
||
| 999 |
_c42188 _d42188 |
||